Soccer/Football Clubs to Countries - Expert - Statistics

General Stats
  • This quiz has been taken 108 times
  • The average score is 8 of 15
Answer Stats
Hint Answer % Correct
Willem II Netherlands
98%
Asteras Tripolis Greece
86%
Velez Sarsfield Argentina
80%
Kasimpasa Turkey
80%
Jagiellonia Poland
75%
Erzgebirge Aue Germany
74%
Avai Brazil
58%
RFC Seraing Belgium
51%
Peerless FC India
45%
Forge FC Canada
42%
Sekhukhune United South Africa
41%
Viettel FC Vietnam
33%
Teungueth Senegal
16%
Arcahaie Haiti
11%
Horseed Somalia
11%
No matching quizzes found
Score Distribution
Percent of People with Each Score
Percentile by Number Answered
Your Score History
You have not taken this quiz